000 00389pab a2200157 454500
008 180718b2001 xxu||||| |||| 00| 0 eng d
100 _aKanwal, Gurmeet
245 _aDeterrent power: a nuclear force structure for India
260 _c2001
300 _ap.6
362 _a6 Jan
650 _aNuclear energy - India
650 _aNuclear energy
773 _aStatesman
909 _a48634
999 _c48634
_d48634